000 00447nam a2200181Ia 4500
005 20250603144813.0
008 250603s9999 xx 000 0 und d
020 _a9780132016117
050 _aTK 7874.65 .W34/
100 _aWakerly, John F.
245 0 _aDigital design : principles and practices
260 _aUpper Saddle River
260 _bPearson
260 _c2007
300 _a802 p
650 _aUpper Saddle River
942 _cBK
999 _c39995
_d39995